| 000 | 01059pam a2200325 i 4500 | ||
|---|---|---|---|
| 999 |
_c5914 _d5914 |
||
| 001 | 019877622 | ||
| 003 | Uk | ||
| 005 | 20251127132131.0 | ||
| 008 | 200806s2020 enkab j 000|1|eng|d | ||
| 015 |
_aGBC0A9020 _2bnb |
||
| 016 | 7 |
_a019877622 _2Uk |
|
| 020 | _a9781913101121 | ||
| 040 |
_aStDuBDS _beng _cStDuBDS _dUk _dKH8 _erda |
||
| 042 | _aukblcatcopy | ||
| 082 | _aFIC MOR | ||
| 100 | 1 |
_aMoriarty, Jaclyn, _eauthor. |
|
| 245 | 1 | 4 |
_aThe slightly alarming tale of the Whispering Wars / _cJaclyn Moriarty ; [illustrated by Karl James Mountford]. |
| 264 | 1 |
_aOxford : _bGuppy Books, _c2020. |
|
| 300 |
_a449 pages : _billustrations (black and white), 1 map (black and white) ; _c22 cm |
||
| 336 |
_atext _2rdacontent |
||
| 336 |
_astill image _2rdacontent |
||
| 336 |
_acartographic image _2rdacontent |
||
| 337 |
_aunmediated _2rdamedia |
||
| 338 |
_avolume _2rdacarrier |
||
| 500 |
_aFormerly CIP. _5Uk |
||
| 655 | 0 | _aFantasy fiction. | |
| 655 | 0 |
_aChildren's stories. _vfiction |
|
| 700 | 1 |
_aMountford, Karl James, _eillustrator. |
|
| 942 |
_2ddc _cFIC |
||